000 00544nam a22001817a 4500
003 OSt
005 20251202093312.0
008 251202b |||||||| |||| 00| 0 eng d
020 _a978-0-7166-2659-6
040 _aDWCL - Main Library
_cOC
082 _23rd Edition
_aGR. 912 A881 2017
100 _aKindersley, Dorling
245 _aAtlas of the World [3rd edition] /
_cDorling Kindersley
260 _bWorld Book Inc.,
_cc2017
300 _a432 pages :
_bcolored illustration ;
_c37 cm.
650 _a1. world atlas
942 _2ddc
_cGR
_mGR.
_n0
999 _c6688
_d6688